Chapman and Nakielny's guide to radiological procedures / (Record no. 277385)
[ view plain ]
| 000 -LEADER | |
|---|---|
| fixed length control field | 01915cam a2200397 a 4500 |
| 001 - CONTROL NUMBER | |
| control field | 17676216 |
| 005 - DATE AND TIME OF LATEST TRANSACTION | |
| control field | 20150126093703.0 |
| 008 - FIXED-LENGTH DATA ELEMENTS--GENERAL INFORMATION | |
| fixed length control field | 130325s2014 stk b 001 0 eng |
| 010 ## - LIBRARY OF CONGRESS CONTROL NUMBER | |
| LC control number | 2013011997 |
| 020 ## - INTERNATIONAL STANDARD BOOK NUMBER | |
| International Standard Book Number | 9780702051814 |
| 020 ## - INTERNATIONAL STANDARD BOOK NUMBER | |
| International Standard Book Number | 9780702054792 (ebook) |
| 035 ## - SYSTEM CONTROL NUMBER | |
| System control number | (DNLM)101604742 |
| 040 ## - CATALOGING SOURCE | |
| Original cataloging agency | DNLM/DLC |
| Transcribing agency | DLC |
| 042 ## - AUTHENTICATION CODE | |
| Authentication code | pcc |
| 050 00 - LIBRARY OF CONGRESS CALL NUMBER | |
| Classification number | R 895 |
| Item number | .G825 2014 |
| 060 10 - NATIONAL LIBRARY OF MEDICINE CALL NUMBER | |
| Classification number | WN 180 |
| 082 00 - DEWEY DECIMAL CLASSIFICATION NUMBER | |
| Classification number | 616.07/57 |
| 245 00 - TITLE STATEMENT | |
| Title | Chapman and Nakielny's guide to radiological procedures / |
| Statement of responsibility, etc | edited by Nick Watson. |
| 246 1# - VARYING FORM OF TITLE | |
| Title proper/short title | Guide to radiological procedures |
| 250 ## - EDITION STATEMENT | |
| Edition statement | 6th ed. / |
| Remainder of edition statement | edited by Nick Watson. |
| 260 ## - PUBLICATION, DISTRIBUTION, ETC. (IMPRINT) | |
| Place of publication, distribution, etc | Edinburgh : |
| Name of publisher, distributor, etc | Saunders, |
| Date of publication, distribution, etc | 2014. |
| 300 ## - PHYSICAL DESCRIPTION | |
| Extent | xiii, 414 pages : |
| Dimensions | 21 cm. |
| 500 ## - GENERAL NOTE | |
| General note | Rev. ed. of: Chapman & Nakielny a guide to radiological procedures / edited by Frances Aitchison. 5th ed. 2009. |
| 504 ## - BIBLIOGRAPHY, ETC. NOTE | |
| Bibliography, etc | Includes bibliographical references and index. |
| 505 0# - FORMATTED CONTENTS NOTE | |
| Formatted contents note | Intravascular contrast media -- Gastrointestinal tract -- Liver, biliary tract, and pancreas -- Urinary tract -- Reproductive system -- Respiratory system -- Heart -- Arterial system -- Venous system -- Lymph glands, lymphatics, and tumours -- Bones and joints -- Brain -- Spine -- Lacrimal system and salivary glands -- Thyroid and parathyroids -- Breast -- Sedation and monitoring -- Medical emergencies -- Patient consent. |
| 521 ## - TARGET AUDIENCE NOTE | |
| Target audience note | |
| 650 12 - SUBJECT ADDED ENTRY--TOPICAL TERM | |
| Topical term or geographic name as entry element | Radiography. |
| 650 22 - SUBJECT ADDED ENTRY--TOPICAL TERM | |
| Topical term or geographic name as entry element | Technology, Radiologic. |
| 700 1# - ADDED ENTRY--PERSONAL NAME | |
| Personal name | Watson, Nick |
| Fuller form of name | (Nicholas A.) |
| 700 1# - ADDED ENTRY--PERSONAL NAME | |
| Personal name | Chapman, Stephen, |
| Dates associated with a name | 1953- |
| 730 0# - ADDED ENTRY--UNIFORM TITLE | |
| Uniform title | Chapman & Nakielny a guide to radiological procedures. |
| 776 08 - ADDITIONAL PHYSICAL FORM ENTRY | |
| Display text | Online version: |
| Title | Chapman and Nakielny's guide to radiological procedures. |
| Edition | 6th ed. / edited by Nick Watson. |
| Place, publisher, and date of publication | Edinburgh : Saunders, 2014 |
| International Standard Book Number | 9780702054792 |
| Record control number | (DLC) 2013012984 |
| 906 ## - LOCAL DATA ELEMENT F, LDF (RLIN) | |
| a | 7 |
| b | cbc |
| c | orignew |
| d | 1 |
| e | ecip |
| f | 20 |
| g | y-gencatlg |
| 942 ## - ADDED ENTRY ELEMENTS (KOHA) | |
| Source of classification or shelving scheme | Library of Congress Classification |
| Koha item type | Books |
| Call number prefix | Foreign |
| Withdrawn status | Lost status | Source of classification or shelving scheme | Damaged status | Home library | Current library | Shelving location | Date acquired | Source of acquisition | Sub Shelving location | Total Checkouts | Total Renewals | Full call number | Barcode | Date last seen | Date checked out | Price effective from | Koha item type |
|---|---|---|---|---|---|---|---|---|---|---|---|---|---|---|---|---|---|
| Library of Congress Classification | South SEED-LPDH College Library | South SEED-LPDH College Library | South SEED-LPDH College Section | 01/26/2015 | Library Fund | 2 | 2 | R 895 .G825 2014 | SSLC1410 | 05/15/2018 | 09/26/2015 | 01/26/2015 | Books |